000 00649nam a2200241 i 4500
001 C2-0103120
003 PPAK
005 20180727100522.0
008 970601s1994 io a|||| ||||| | may d
020 _a9794033383
040 _aPPAK
_beng
_cPPAK
_erda
082 0 4 _a641.5
_223
090 0 0 _a641.5
_bYAS
_dR
100 0 _aYasaboga,
_eauthor
245 1 0 _aLauk kering
264 1 _aJakarta, Indonesia :
_bPT Gramedia Pustaka Utama ,
_c1994
300 _a( 32 pages ) :
_bcolour illustrations ;
_c14 cm
336 _2rdacontent
_atext
337 _2rdamedia
_aunmediated
338 _2rdacarrier
_avolume
650 1 0 _aCookery
942 _ddc
_cB
999 _c24294
_d24294